[Event "Isle of Man Open"]
[Site "Douglas"]
[Date "26.10.2018"]
[Round "7.26"]
[White "Henderson de La Fuente, Lance"]
[Black "Donchenko, Alexander"]
[Result "1/2-1/2"]
[WhiteTitle "IM"]
[BlackTitle "GM"]
[WhiteElo "2484"]
[BlackElo "2610"]
[WhiteFideId "32096585"]
[BlackFideId "24603295"]
[EventDate "2018.10.20"]

1. e4 c6 2. d4 d5 3. e5 Bf5 4. Nd2 e6 5. Nb3 Nd7 6. Nf3 h6 7. Be2 Ne7 8. O-O g5
9. Ne1 Qc7 10. Bh5 c5 11. Nxc5 Nxc5 12. dxc5 Nc6 13. Nd3 Bxd3 14. cxd3 Bxc5 15.
Kh1 O-O-O 16. f4 Rd7 17. Rb1 gxf4 18. Bxf4 Kb8 19. b4 Bxb4 20. d4 Bc3 21. Be3
Rc8 22. Rc1 Bb2 23. Rc2 Ba3 24. Rcf2 Nd8 25. Bxh6 Qc4 26. Bg5 Be7 27. Be3 Bb4
28. Bg5 Be7 29. Be3 Bb4 30. Bg5 Be7 1/2-1/2

[Event "Isle of Man Open"]
[Site "Douglas"]
[Date "26.10.2018"]
[Round "7.27"]
[White "Fridman, Daniel"]
[Black "Darini, Pouria"]
[Result "1-0"]
[WhiteTitle "GM"]
[BlackTitle "GM"]
[WhiteElo "2600"]
[BlackElo "2475"]
[WhiteFideId "11600454"]
[BlackFideId "12502200"]
[EventDate "2018.10.20"]

1. d4 Nf6 2. Nf3 g6 3. g3 Bg7 4. Bg2 O-O 5. c4 d6 6. Nc3 Nc6 7. O-O Bf5 8. Bg5
Ne4 9. Nxe4 Bxe4 10. d5 Na5 11. b3 c5 12. Rc1 b5 13. cxb5 a6 14. bxa6 Rxa6 15.
Qd2 Re8 16. Rfd1 Qa8 17. Bh6 Bf6 18. Nh4 Bxg2 19. Nxg2 Nb7 20. Rc2 Qa7 21. Qd3
Rxa2 22. Rxa2 Qxa2 23. Qb5 Qa8 24. Ne3 Na5 25. Ng4 Bc3 26. Qd3 Bh8 27. Bd2 Rb8
28. Nh6+ Kf8 29. Qf3 Bf6 30. Ra1 Rb5 31. g4 Kg7 32. Ra3 g5 33. Nf5+ Kg8 34. Nxd6 1-0

[Event "Isle of Man Open"]
[Site "Douglas"]
[Date "26.10.2018"]
[Round "7.28"]
[White "Kashlinskaya, Alina"]
[Black "Deac, Bogdan-Daniel"]
[Result "1/2-1/2"]
[WhiteTitle "IM"]
[BlackTitle "GM"]
[WhiteElo "2447"]
[BlackElo "2594"]
[WhiteFideId "4198026"]
[BlackFideId "1226380"]
[EventDate "2018.10.20"]

1. d4 Nf6 2. c4 g6 3. Nc3 d5 4. cxd5 Nxd5 5. e4 Nxc3 6. bxc3 Bg7 7. Nf3 c5 8.
Be3 Qa5 9. Qd2 O-O 10. Rc1 Rd8 11. Be2 cxd4 12. cxd4 Qxd2+ 13. Bxd2 e6 14. Bg5
f6 15. Be3 Nc6 16. O-O Bd7 17. Rfd1 Bf8 18. d5 exd5 19. exd5 Ne7 20. Bd4 Nxd5
21. Bc4 Be6 22. Bxf6 Nxf6 23. Bxe6+ Kh8 24. Rxd8 Rxd8 25. Ng5 Re8 26. Bb3 Ba3
27. Rd1 b5 28. h3 a5 29. Nf7+ Kg7 30. Nd6 Bxd6 31. Rxd6 Re1+ 32. Kh2 a4 33. Be6
Re5 34. Rb6 Kf8 35. f4 Rc5 36. Rb7 Ke8 37. Rf7 Rf5 38. Rb7 Rxf4 39. Rxb5 Ke7 40.
Rb6 Rd4 41. Bg4 Nxg4+ 42. hxg4 Rd2 43. Rb7+ Kf6 44. Rxh7 Rxa2 45. Ra7 Ra3 46.
Ra5 g5 47. Rf5+ Kg6 48. Ra5 Kh6 49. Ra6+ Kg7 50. Ra5 Kg6 51. Ra6+ Kf7 52. Ra5
Kf6 53. Rf5+ 1/2-1/2

[Event "Isle of Man Open"]
[Site "Douglas"]
[Date "26.10.2018"]
[Round "7.29"]
[White "Eggleston, David J"]
[Black "Tregubov, Pavel V."]
[Result "0-1"]
[WhiteTitle "IM"]
[BlackTitle "GM"]
[WhiteElo "2406"]
[BlackElo "2588"]
[WhiteFideId "412120"]
[BlackFideId "4115341"]
[EventDate "2018.10.20"]

1. e4 e5 2. Nf3 Nc6 3. Bb5 a6 4. Ba4 d6 5. c3 g6 6. d4 Bd7 7. O-O Bg7 8. Re1
Nge7 9. d5 Nb8 10. Bc2 O-O 11. c4 h6 12. Nc3 f5 13. exf5 gxf5 14. c5 a5 15. cxd6
cxd6 16. a4 Na6 17. Nd2 Rc8 18. f4 e4 19. Ra3 Nb4 20. Bb1 Qb6+ 21. Kh1 Kh8 22.
Nf1 Nexd5 23. Bxe4 Nxc3 24. bxc3 fxe4 25. cxb4 Qxb4 26. Rg3 Bxa4 27. Qg4 Rg8 28.
Bd2 Qd4 29. Qh3 Rc2 30. Rg6 Rf8 31. Be3 Qc3 32. Qh4 Be8 33. Rxd6 Qc7 34. Re6 Rc6
35. Re7 Qd8 36. f5 Rf7 37. Bg5 Rxf5 38. Qxe4 Bg6 39. Rxg7 Rxg5 40. Rxg6 Rgxg6
41. Qe5+ Kh7 42. Ne3 Rce6 43. Qf4 Rgf6 44. Qg3 Qd6 45. Qh3 Qd2 0-1

[Event "Isle of Man Open"]
[Site "Douglas"]
[Date "26.10.2018"]
[Round "7.30"]
[White "Sundararajan, Kidambi"]
[Black "Kaidanov, Gregory"]
[Result "1-0"]
[WhiteTitle "GM"]
[BlackTitle "GM"]
[WhiteElo "2445"]
[BlackElo "2544"]
[WhiteFideId "5005370"]
[BlackFideId "2008564"]
[EventDate "2018.10.20"]

1. d4 d6 2. g3 g6 3. Bg2 Bg7 4. Nf3 Nf6 5. O-O O-O 6. c4 c5 7. Nc3 cxd4 8. Nxd4
Nc6 9. Nxc6 bxc6 10. Bxc6 Rb8 11. Bg2 Be6 12. b3 Ne4 13. Bxe4 Bxc3 14. Bh6 Re8
15. Rc1 Qa5 16. Rc2 Red8 17. Bd2 Qe5 18. Bg2 Bd4 19. e3 Bc5 20. Bc3 Qf5 21. e4
Qg5 22. Kh1 f6 23. f4 Qh6 24. Qf3 Qf8 25. g4 Bd7 26. Qg3 Qf7 27. e5 f5 28. Re2
e6 29. exd6 Bxd6 30. Rd1 Bc7 31. g5 Be8 32. Red2 Qe7 33. Qe3 a5 34. Bd5 Bf7 35.
Bf6 Bb6 36. Qxb6 1-0

[Event "Isle of Man Open"]
[Site "Douglas"]
[Date "26.10.2018"]
[Round "7.31"]
[White "Christiansen, Johan-Sebastian"]
[Black "Tarjan, James"]
[Result "1-0"]
[WhiteTitle "IM"]
[BlackTitle "GM"]
[WhiteElo "2541"]
[BlackElo "2404"]
[WhiteFideId "1512668"]
[BlackFideId "2000180"]
[EventDate "2018.10.20"]

1. e4 e5 2. Nf3 Nc6 3. Bb5 a6 4. Ba4 Nf6 5. O-O Be7 6. Re1 b5 7. Bb3 d6 8. c3
O-O 9. h3 Nb8 10. d4 Nbd7 11. c4 c6 12. Nc3 b4 13. Ne2 Nxe4 14. Qc2 Nef6 15. Ng3
c5 16. dxe5 dxe5 17. Nxe5 Nxe5 18. Rxe5 Bd6 19. Re2 Qc7 20. Nf5 Be5 21. Bg5 h6
22. Bh4 Bxf5 23. Qxf5 Rae8 24. Rae1 g6 25. Qf3 g5 26. Bg3 Bxg3 27. Qxf6 Rxe2 28.
Rxe2 Qf4 29. Qe7 Qd4 30. Kf1 Bf4 31. g3 Bc1 32. Re5 Bxb2 33. Rxc5 Qd8 34. Qe2
Qf6 35. Rd5 Bd4 36. c5 Kg7 37. Rd6 Qe5 38. Qxe5+ Bxe5 39. Rd7 Rc8 40. Rxf7+ Kh8
41. f4 gxf4 42. gxf4 Bd4 43. Ke2 Bxc5 44. Kf3 Rf8 45. Rd7 a5 46. Ke4 Bb6 47. h4
Rd8 48. Rf7 Bd4 49. Kf5 Bg7 50. Ra7 Rf8+ 51. Kg4 Bc3 52. Rxa5 Bd2 53. f5 Rf6 54.
Ra7 Bc3 55. Be6 Rf8 56. Kh5 Rf6 57. Rc7 Bd2 58. Rc4 Kg7 59. Rc7+ Kf8 60. Kg4 Ke8
61. Rc8+ Ke7 62. Rc7+ Ke8 63. h5 Rf8 64. Kf3 Bg5 65. Ke4 Bf6 66. Kd5 Bh4 67. Rb7
Be1 68. Kc5 Bd2 69. Kd6 Bf4+ 70. Kd5 Bg3 71. Rg7 Bf4 72. Rh7 Kd8 73. Kc4 Bg5 74.
Kxb4 Re8 75. Rd7+ Kc8 76. Kb5 Kb8 77. Ka6 Re7 78. Rxe7 Bxe7 79. Kb6 Ba3 80. f6 1-0

[Event "Isle of Man Open"]
[Site "Douglas"]
[Date "26.10.2018"]
[Round "7.32"]
[White "Lomasov, Semyon"]
[Black "Seul, Georg"]
[Result "1-0"]
[WhiteTitle "IM"]
[BlackTitle "IM"]
[WhiteElo "2540"]
[BlackElo "2402"]
[WhiteFideId "24164879"]
[BlackFideId "4601653"]
[EventDate "2018.10.20"]

1. d4 Nf6 2. Bg5 c5 3. Bxf6 exf6 4. e3 Qb6 5. Nc3 cxd4 6. Qxd4 Qxb2 7. Rb1 Qa3
8. Nd5 Qa5+ 9. c3 Nc6 10. Qe4+ Be7 11. Nf3 f5 12. Qxf5 d6 13. Qe4 Be6 14. Bc4
Bxd5 15. Bxd5 Ne5 16. Rxb7 Qxc3+ 17. Ke2 Rc8 18. Nxe5 dxe5 19. Bxf7+ Kxf7 20.
Qf5+ 1-0

[Event "Isle of Man Open"]
[Site "Douglas"]
[Date "26.10.2018"]
[Round "7.33"]
[White "Praggnanandhaa, R"]
[Black "Ravi, Teja S."]
[Result "1-0"]
[WhiteTitle "GM"]
[BlackTitle "IM"]
[WhiteElo "2519"]
[BlackElo "2357"]
[WhiteFideId "25059530"]
[BlackFideId "5017220"]
[EventDate "2018.10.20"]

1. e4 c6 2. d4 d5 3. e5 Bf5 4. h4 h5 5. c4 e6 6. Nc3 Ne7 7. Nge2 dxc4 8. Ng3 Bg6
9. Bg5 Qb6 10. Bxc4 Qxb2 11. Nce4 Nf5 12. O-O Nxg3 13. Rb1 Qa3 14. fxg3 Bxe4 15.
Rxf7 Qxg3 16. Rf2 b5 17. Qe1 Bf5 18. Bxe6 Qxf2+ 19. Qxf2 Bxe6 20. d5 cxd5 21.
Qc2 Be7 22. Bxe7 Kxe7 23. Qc7+ Bd7 24. e6 Rc8 25. Qb7 Kxe6 26. Qxa8 Nc6 27. Qb7
b4 28. Qa6 Kd6 29. Rxb4 Rd8 30. Rb1 d4 31. Rc1 Kc7 32. Qxa7+ 1-0

[Event "Isle of Man Open"]
[Site "Douglas"]
[Date "26.10.2018"]
[Round "7.34"]
[White "Vaibhav, Suri"]
[Black "Vaishali, R"]
[Result "1/2-1/2"]
[WhiteTitle "GM"]
[BlackTitle "WIM"]
[WhiteElo "2597"]
[BlackElo "2313"]
[WhiteFideId "5045185"]
[BlackFideId "5091756"]
[EventDate "2018.10.20"]

1. c4 e5 2. Nc3 Nf6 3. Nf3 Nc6 4. e3 Bb4 5. Qc2 Bxc3 6. Qxc3 Qe7 7. d4 Ne4 8.
Qd3 exd4 9. Nxd4 O-O 10. Be2 Qb4+ 11. Kf1 Qe7 12. f3 f5 13. Qd1 Nc5 14. Kf2 d6
15. Nb5 Be6 16. Nc3 a5 17. b3 Qf6 18. Bb2 f4 19. e4 Ne5 20. h4 a4 21. Rb1 axb3
22. axb3 c6 23. Kg1 Qe7 24. Bc1 h5 25. Bd2 d5 26. cxd5 cxd5 27. Nxd5 Bxd5 28.
exd5 Ncd3 29. b4 Ra3 30. Bc1 Nxc1 31. Qxc1 Re3 32. Qd2 Rd8 33. Rd1 Rd6 34. Kf2
Ng6 35. Bd3 Nxh4 36. Be4 Qg5 37. Kf1 Nf5 38. Bxf5 Qxf5 39. Kf2 Re5 40. Qa2 Kh7
41. Qc4 Rexd5 42. Rxd5 Rxd5 43. Qe4 Qxe4 44. fxe4 Rd2+ 45. Ke1 Rxg2 46. Rxh5+
Kg6 47. Rb5 Rg3 48. Kf2 Re3 49. Rxb7 Rxe4 50. Kf3 Rc4 51. Kg4 Kf6 52. Rb5 g6 53.
Rb8 g5 54. Rb5 Ke6 55. Rxg5 Rxb4 56. Kf3 1/2-1/2

[Event "Isle of Man Open"]
[Site "Douglas"]
[Date "26.10.2018"]
[Round "7.35"]
[White "Nabaty, Tamir"]
[Black "Kolosowski, Mateusz"]
[Result "1-0"]
[WhiteTitle "GM"]
[BlackTitle "IM"]
[WhiteElo "2692"]
[BlackElo "2448"]
[WhiteFideId "2809052"]
[BlackFideId "1129708"]
[EventDate "2018.10.20"]

1. d4 Nf6 2. c4 g6 3. Nd2 Bg7 4. e4 d6 5. Bd3 O-O 6. Ne2 Na6 7. O-O e5 8. d5 Nc5
9. Bc2 a5 10. Nc3 Nh5 11. Nb3 Nxb3 12. axb3 Bd7 13. Be3 Nf4 14. g3 Nh5 15. c5
Qe8 16. cxd6 cxd6 17. Bb6 f5 18. Bd3 f4 19. Be2 Qe7 20. Kg2 Bh6 21. Rxa5 Rxa5
22. Bxa5 fxg3 23. fxg3 Rxf1 24. Qxf1 Qg5 25. Kh1 Nf6 26. Bd8 Bg7 27. Be7 h5 28.
Bxd6 Ng4 29. Bc5 Qd2 30. h3 Ne3 31. Qf2 Bh6 32. Kh2 h4 33. Bxe3 Bxe3 34. Qf6
hxg3+ 35. Kg2 Be8 36. Qd8 Kf7 37. Qc7+ Kg8 38. Qb8 Kf8 39. Qxe5 Bb5 40. Qh8+ Kf7
41. e5 Bd3 42. e6+ Ke7 43. d6+ Kxe6 44. Qe8+ Kf5 45. Qf7+ 1-0

[Event "Isle of Man Open"]
[Site "Douglas"]
[Date "26.10.2018"]
[Round "7.36"]
[White "Ladron De Guevara Pinto, Paolo"]
[Black "Tari, Aryan"]
[Result "0-1"]
[WhiteTitle "IM"]
[BlackTitle "GM"]
[WhiteElo "2427"]
[BlackElo "2618"]
[WhiteFideId "2290847"]
[BlackFideId "1510045"]
[EventDate "2018.10.20"]

1. e4 e5 2. Nf3 Nc6 3. Bc4 Bc5 4. O-O Nf6 5. d3 a6 6. Nbd2 d6 7. a4 O-O 8. c3
Ba7 9. Re1 Ng4 10. Re2 Kh8 11. h3 f5 12. Nf1 Nf6 13. exf5 Bxf5 14. Ng3 Bg6 15.
Ng5 Qd7 16. Be6 Qe8 17. Bb3 d5 18. d4 Rd8 19. f4 Ne4 20. N3xe4 dxe4 21. fxe5
Nxd4 0-1

[Event "Isle of Man Open"]
[Site "Douglas"]
[Date "26.10.2018"]
[Round "7.37"]
[White "Arjun, Kalyan"]
[Black "Huschenbeth, Niclas"]
[Result "0-1"]
[BlackTitle "GM"]
[WhiteElo "2408"]
[BlackElo "2589"]
[WhiteFideId "35018701"]
[BlackFideId "24604747"]
[EventDate "2018.10.20"]

1. e4 c5 2. Nf3 d6 3. d4 cxd4 4. Nxd4 Nf6 5. Nc3 a6 6. Be3 e6 7. f3 b5 8. Qd2 b4
9. Nd1 e5 10. Nb3 Nc6 11. Bf2 Be6 12. Ne3 Be7 13. Nd5 O-O 14. O-O-O Bxd5 15.
exd5 Nb8 16. Qxb4 a5 17. Qa4 Nbd7 18. Kb1 Qc7 19. Qc4 Qb8 20. Qb5 Qc7 21. Qc4
Qb8 22. a4 Rc8 23. Qd3 Qc7 24. Be1 Rab8 25. Qc3 Qd8 26. Qxa5 Nb6 27. Bb5 Ra8 28.
Qd2 Nbxd5 29. Bh4 Qc7 30. a5 Qb7 31. Bd3 Nb4 32. Bxf6 Bxf6 33. Be4 Qb5 34. Bxa8
Qa4 35. Bd5 Qa2+ 36. Kc1 Bg5 37. f4 Bxf4 38. Bxf7+ Kh8 39. c3 Rxc3+ 0-1

[Event "Isle of Man Open"]
[Site "Douglas"]
[Date "26.10.2018"]
[Round "7.38"]
[White "Zhukova, Natalia"]
[Black "Kosteniuk, Alexandra"]
[Result "0-1"]
[WhiteTitle "GM"]
[BlackTitle "GM"]
[WhiteElo "2403"]
[BlackElo "2551"]
[WhiteFideId "14101513"]
[BlackFideId "4128125"]
[EventDate "2018.10.20"]

1. d4 d5 2. c4 c6 3. Nf3 Nf6 4. Nc3 dxc4 5. a4 Bf5 6. Ne5 Nbd7 7. Nxd7 Qxd7 8.
e3 e6 9. Bxc4 Bb4 10. O-O O-O 11. f3 Rad8 12. Qe2 Bg6 13. Rd1 c5 14. dxc5 Qc7
15. Bd2 Qxc5 16. Be1 Rc8 17. Ba2 Qh5 18. Rd4 Qa5 19. Ne4 Bxe1 20. Nxf6+ gxf6 21.
Qxe1 Qxe1+ 22. Rxe1 Rfd8 23. Rxd8+ Rxd8 24. Re2 Rd1+ 25. Kf2 Bd3 26. Re1 Rd2+
27. Kg3 Rxb2 28. Ra1 a5 29. e4 Kf8 30. h4 Ke7 31. h5 Rb4 32. Rd1 Bc2 33. Rc1
Bxa4 34. Rc8 Rb2 35. Rh8 Rxa2 36. h6 Bb5 37. Rxh7 Bf1 38. Rh8 Rxg2+ 39. Kf4 e5+ 0-1

[Event "Isle of Man Open"]
[Site "Douglas"]
[Date "26.10.2018"]
[Round "7.39"]
[White "Debashis, Das"]
[Black "Lubbe, Nikolas"]
[Result "1/2-1/2"]
[WhiteTitle "GM"]
[BlackTitle "IM"]
[WhiteElo "2548"]
[BlackElo "2447"]
[WhiteFideId "5024854"]
[BlackFideId "4694031"]
[EventDate "2018.10.20"]

1. d4 Nf6 2. c4 e6 3. Nc3 d5 4. cxd5 exd5 5. Bg5 c6 6. Qc2 Be7 7. e3 Nbd7 8. Bd3
Nh5 9. Bxe7 Qxe7 10. Nge2 g6 11. O-O O-O 12. Rae1 Ndf6 13. Nc1 Bd7 14. f3 Rae8
15. Qf2 Bc8 16. Nb3 Qd8 17. Rd1 Kh8 18. Rfe1 Ng8 19. Bf1 Qg5 20. e4 Nf4 21. Qg3
Qh6 22. exd5 cxd5 23. Nb5 Be6 24. Nc5 b6 25. Nd3 Nxd3 26. Bxd3 Qg7 27. Bc2 Re7
28. Bb3 Rc8 29. Nc3 Rd7 30. Ba4 Rdd8 31. Bb5 Ne7 32. Qf4 g5 33. Qg3 h6 34. f4
Rg8 35. fxg5 Qxg5 36. Qf2 Rg6 37. Re5 Qf6 38. Qxf6+ Rxf6 39. Rd2 Rg8 40. Re3
Rfg6 41. Rf3 Nf5 42. Bf1 Rg4 43. Ne2 Nd6 44. b3 Ne4 45. Rc2 Ng5 46. Re3 Re4 47.
Kf2 Rh4 48. h3 Ne4+ 49. Ke1 Nd6 50. Rf3 Re8 51. Kd1 Re4 52. Rf4 Nb5 53. Kd2 Re7
54. Rxe4 dxe4 55. Ke3 Nd6 56. Kf4 Bd5 57. Nc3 Bc6 58. Nd1 Bb7 59. Ne3 Kg7 60.
Be2 Re6 61. Rc7 Rf6+ 62. Kg3 Rg6+ 63. Kf2 Rf6+ 64. Ke1 a5 65. Bg4 b5 66. Rc5 a4
67. bxa4 bxa4 68. Ra5 Bc6 69. Ra6 Nb5 70. Nf5+ Rxf5 71. Bxf5 Nxd4 72. Bg4 e3 73.
Bd1 f5 74. g3 h5 75. Bxa4 Be4 76. Rd6 Nf3+ 77. Ke2 h4 78. gxh4 f4 79. Bd7 Ne5
80. Bg4 Bc6 81. a4 Bxa4 82. Re6 Bb5+ 83. Kd1 Nxg4 84. hxg4 f3 85. Rxe3 f2 86.
Rf3 1/2-1/2

[Event "Isle of Man Open"]
[Site "Douglas"]
[Date "26.10.2018"]
[Round "7.40"]
[White "Tania, Sachdev"]
[Black "Puranik, Abhimanyu"]
[Result "1/2-1/2"]
[WhiteTitle "IM"]
[BlackTitle "GM"]
[WhiteElo "2400"]
[BlackElo "2547"]
[WhiteFideId "5007844"]
[BlackFideId "5061245"]
[EventDate "2018.10.20"]

1. d4 Nf6 2. c4 g6 3. Nc3 d5 4. cxd5 Nxd5 5. Bd2 Bg7 6. e4 Nb6 7. Be3 O-O 8. h3
e5 9. dxe5 Qxd1+ 10. Rxd1 Bxe5 11. Nge2 Re8 12. f4 Bg7 13. b3 c6 14. Kf2 Be6 15.
g4 f6 16. Bg2 N8d7 17. Rd2 g5 18. Rhd1 gxf4 19. Nxf4 Nf8 20. Nh5 Nbd7 21. Ne2
Ne5 22. Nxg7 Kxg7 23. Ng3 Nfd7 24. Nh5+ Kf7 25. Kg1 Ke7 26. Rf1 Rg8 27. Nxf6
Nxf6 28. Bc5+ Kf7 29. Rdf2 Nd7 30. Bd4 Ke7 31. Bxf6+ Nxf6 32. Rxf6 a5 33. R6f2
a4 34. Rb1 axb3 35. axb3 Ra3 36. Rf3 Ra2 37. Rf2 Ra3 38. Rf3 Ra2 39. Rf2 Ra3 1/2-1/2

[Event "Isle of Man Open"]
[Site "Douglas"]
[Date "26.10.2018"]
[Round "7.41"]
[White "Mekhitarian, Krikor Sevag"]
[Black "Gaponenko, Inna"]
[Result "1-0"]
[WhiteTitle "GM"]
[BlackTitle "IM"]
[WhiteElo "2546"]
[BlackElo "2409"]
[WhiteFideId "2107660"]
[BlackFideId "14101181"]
[EventDate "2018.10.20"]

1. d4 Nf6 2. c4 g6 3. Nc3 Bg7 4. e4 d6 5. h3 O-O 6. Be3 e5 7. d5 Na6 8. Nf3 Nh5
9. g3 Qe8 10. Be2 f5 11. exf5 gxf5 12. Nh4 Nf6 13. Qd2 f4 14. gxf4 exf4 15. Bd4
c5 16. dxc6 bxc6 17. Rg1 Nc5 18. O-O-O Qe7 19. Qxf4 Kh8 20. Rxg7 Qxg7 21. Qxd6
Ne6 22. Be5 Qh6+ 23. f4 Qxh4 24. Ne4 a5 25. Nxf6 Rxf6 26. Qe7 Kg8 27. Rg1+ 1-0

[Event "Isle of Man Open"]
[Site "Douglas"]
[Date "26.10.2018"]
[Round "7.42"]
[White "Jackson, James P"]
[Black "Dragnev, Valentin"]
[Result "1-0"]
[WhiteTitle "FM"]
[BlackTitle "GM"]
[WhiteElo "2371"]
[BlackElo "2508"]
[WhiteFideId "416860"]
[BlackFideId "1634852"]
[EventDate "2018.10.20"]

1. e4 c6 2. d4 d5 3. e5 c5 4. dxc5 e6 5. a3 Bxc5 6. b4 Bb6 7. Nf3 Ne7 8. Nbd2
Ng6 9. Bb2 Nc6 10. h4 Bc7 11. Bb5 O-O 12. Bxc6 bxc6 13. h5 Ne7 14. h6 g6 15. Nb3
Bd7 16. Nc5 Nc8 17. Nh2 Nb6 18. Ng4 Bc8 19. Nf6+ Kh8 20. Bd4 Qe7 21. Qe2 Bd8 22.
O-O Qc7 23. Qf3 Be7 24. Nd3 Ba6 25. Bc5 Na4 26. Bxe7 Qxe7 27. Rfe1 Bxd3 28. cxd3
Rfc8 29. Rac1 a5 30. Re2 axb4 31. axb4 Nb6 32. Rb2 Ra7 33. g3 Ra3 34. Qe2 Qf8
35. Qd2 Ra7 36. Qe3 Rb7 37. Rbc2 Qxb4 38. Rxc6 Rcb8 39. R1c5 Nd7 40. Nxd7 Rxd7
41. Qg5 Kg8 42. Qf6 1-0

[Event "Isle of Man Open"]
[Site "Douglas"]
[Date "26.10.2018"]
[Round "7.43"]
[White "Strunski, Andreas"]
[Black "Kobo, Ori"]
[Result "1-0"]
[WhiteTitle "IM"]
[BlackTitle "GM"]
[WhiteElo "2306"]
[BlackElo "2505"]
[WhiteFideId "24606073"]
[BlackFideId "2812320"]
[EventDate "2018.10.20"]

1. c4 e5 2. Nf3 e4 3. Nd4 Nc6 4. Nxc6 dxc6 5. Nc3 Nf6 6. e3 Bf5 7. Qb3 b6 8. Qc2
Qd7 9. h3 h5 10. b3 h4 11. Bb2 Be7 12. O-O-O O-O-O 13. Rg1 Rhg8 14. g4 hxg3 15.
fxg3 Qe6 16. Ne2 c5 17. g4 Bh7 18. Nf4 Qd6 19. g5 Nd7 20. g6 fxg6 21. Qxe4 g5
22. Qxh7 gxf4 23. Qe4 Bf6 24. Qa8+ Nb8 25. Be2 Kd7 26. Bg4+ Ke7 27. Qe4+ Kf8 28.
Rgf1 Re8 29. Qf5 Nc6 30. Bxf6 gxf6 31. Rxf4 Ke7 32. Qh7+ 1-0

[Event "Isle of Man Open"]
[Site "Douglas"]
[Date "26.10.2018"]
[Round "7.44"]
[White "Shyam, Sundar M."]
[Black "Raja, Harshit"]
[Result "1/2-1/2"]
[WhiteTitle "GM"]
[BlackTitle "IM"]
[WhiteElo "2505"]
[BlackElo "2420"]
[WhiteFideId "5019141"]
[BlackFideId "5089000"]
[EventDate "2018.10.20"]

1. e4 c5 2. Nf3 d6 3. d4 cxd4 4. Qxd4 Nc6 5. Qe3 Nf6 6. Be2 g6 7. O-O Bg7 8. c4
O-O 9. Nc3 Ng4 10. Qg5 Nge5 11. Nxe5 dxe5 12. Rd1 Nd4 13. Be3 Bd7 14. Rd2 e6 15.
Rad1 Bc6 16. Bf1 Qxg5 17. Bxg5 a5 18. Be7 Rfc8 19. f4 f6 20. c5 Kf7 21. Bd6 Rd8
22. a4 Rac8 23. Kf2 Kg8 24. Bc4 b6 25. Ne2 bxc5 26. Nxd4 Rxd6 27. Bxe6+ Kh8 28.
Bxc8 cxd4 29. Re1 Bxa4 30. fxe5 fxe5 1/2-1/2

[Event "Isle of Man Open"]
[Site "Douglas"]
[Date "26.10.2018"]
[Round "7.45"]
[White "Anurag, Mhamal"]
[Black "Erenberg, Ariel"]
[Result "1/2-1/2"]
[WhiteTitle "GM"]
[BlackTitle "IM"]
[WhiteElo "2495"]
[BlackElo "2407"]
[WhiteFideId "5024366"]
[BlackFideId "2811634"]
[EventDate "2018.10.20"]

1. e4 e5 2. Nf3 Nc6 3. Bb5 a6 4. Ba4 Nf6 5. O-O Be7 6. d3 b5 7. Bb3 O-O 8. Nc3
d6 9. a3 Na5 10. Ba2 Be6 11. b4 Bxa2 12. Rxa2 Nc6 13. Bg5 Qd7 14. Bxf6 Bxf6 15.
Nd5 Bd8 16. c4 Ne7 17. d4 exd4 18. Nxd4 bxc4 19. Rc2 Nxd5 20. exd5 Bf6 21. Nc6
c3 22. h3 g6 23. Qd3 Rfe8 24. a4 Qf5 25. Qxf5 gxf5 26. g3 Re4 27. Kg2 Rae8 28.
Kf3 Kg7 29. a5 h5 30. Rb1 h4 31. b5 axb5 32. a6 hxg3 33. Kxg3 Re2 34. Rxe2 Rxe2
35. Ra1 c2 36. Rg1 Rd2 37. Kf3+ Kh7 38. Rc1 Bb2 39. a7 Bxc1 40. a8=Q Rd3+ 41.
Kg2 Bg5 42. Qf8 c1=Q 43. Qxf7+ Kh6 44. Qf8+ Kh5 45. Qf7+ Kh6 1/2-1/2

[Event "Isle of Man Open"]
[Site "Douglas"]
[Date "26.10.2018"]
[Round "7.46"]
[White "Khmelniker, Ilya"]
[Black "Trent, Lawrence"]
[Result "1-0"]
[WhiteTitle "GM"]
[BlackTitle "IM"]
[WhiteElo "2492"]
[BlackElo "2391"]
[WhiteFideId "2805340"]
[BlackFideId "408638"]
[EventDate "2018.10.20"]

1. c4 e5 2. Nc3 Bb4 3. g3 Bxc3 4. bxc3 d6 5. Bg2 Ne7 6. d4 Nbc6 7. Nf3 O-O 8.
O-O f6 9. Ba3 Bg4 10. Qb3 Qc8 11. c5+ d5 12. e4 Be6 13. Nxe5 fxe5 14. exd5 Na5
15. Qb5 Bxd5 16. Bxd5+ Nxd5 17. c6 bxc6 18. Qxa5 Rf3 19. c4 Nb6 20. Bc5 Nxc4 21.
Qb4 Qe6 22. Rac1 Nb6 23. dxe5 g5 24. Bxb6 axb6 25. Qe4 Qd5 26. Qxd5+ cxd5 27.
Rxc7 Rf7 28. Rc2 g4 29. Rd1 Ra5 30. Rd4 h5 31. h3 gxh3 32. Kh2 Rf5 33. f4 Rf7
34. Kxh3 Rg7 35. Rcd2 Ra3 36. R4d3 1-0

[Event "Isle of Man Open"]
[Site "Douglas"]
[Date "26.10.2018"]
[Round "7.47"]
[White "Zumsande, Martin"]
[Black "Karavade, Eesha"]
[Result "1/2-1/2"]
[WhiteTitle "IM"]
[BlackTitle "IM"]
[WhiteElo "2492"]
[BlackElo "2374"]
[WhiteFideId "4651324"]
[BlackFideId "5012600"]
[EventDate "2018.10.20"]

1. e4 c5 2. c3 Nf6 3. e5 Nd5 4. Nf3 Nc6 5. Bc4 Nb6 6. Bb3 c4 7. Bc2 d5 8. exd6
Qxd6 9. O-O Bg4 10. Re1 O-O-O 11. h3 Bh5 12. a4 Na5 13. Na3 a6 14. Rb1 e6 15. b4
cxb3 16. Bxb3 Qc7 17. d4 Bg6 18. Bc2 Nbc4 19. Nxc4 Nxc4 20. Nd2 Nxd2 21. Bxd2
Bd6 22. Rb2 Bf4 23. Bb3 Rd7 24. Qf3 Bxd2 25. Rxd2 Rhd8 26. Qe3 Qa5 27. Rc1 Rc7
28. Rb2 Kb8 29. Bd1 Rdc8 30. Bf3 Qxa4 31. c4 Rd8 32. Qe5 Kc8 33. Rb6 Qa3 34. Rd1
Bc2 35. Re1 Qc3 36. Rc1 Rxd4 37. Kh2 Rdxc4 38. Qd6 Qd4 39. Bxb7+ Rxb7 40. Rc6+
Rxc6 41. Qxd4 f6 42. Qe3 Rbc7 43. Ra1 Kd8 44. Ra2 Ke8 45. Rb2 Kf7 46. Rb8 Rd7
47. Qa3 Re7 48. Qf3 Rec7 49. Rb7 Ke8 50. Rb8+ Kf7 51. Qf4 Rd7 52. Ra8 e5 53. Qb4
Re7 54. Qb8 Kg6 55. Qd8 Rec7 56. Rb8 Rc4 57. Qd2 Be4 58. Qe3 a5 59. Rb6 a4 60.
f3 Bc2 61. Qxe5 h6 62. Qe8+ Kh7 63. Rb8 a3 64. Ra8 a2 65. Qg8+ Kg6 66. Rxa2 Rc8
67. Qe6 Kh7 68. Ra7 R4c7 69. Ra5 Rc5 70. Ra6 Bd3 71. Rd6 Bf5 72. Qb3 h5 73. Rb6
Bg6 74. Qe3 Rc2 75. Rb7 R8c7 76. Rb3 Ra2 77. Qf4 Rcc2 78. Qg3 Rab2 79. Re3 Re2
80. Rxe2 Rxe2 81. Qf4 Rc2 82. Qd4 Re2 83. Qd5 Kh8 84. f4 Kh7 85. Kg1 Re7 86. Kf2
Bf7 87. Qd6 Re8 88. Qd7 Kg8 89. Kf3 Kf8 90. g4 hxg4+ 91. hxg4 Kg8 92. Qd4 Re6
93. Kg3 Re8 94. Kh4 Bg6 95. g5 f5 96. Kg3 Kh7 97. Qd5 Re4 98. Qd1 Re3+ 99. Kf2
Re4 100. Qh1+ Kg8 101. Qf3 Kh7 102. Kg3 Kg8 103. Qb3+ Kh7 104. Qb6 Re8 105. Qc5 1/2-1/2